Life's Amazing Secrets (Record no. 10646)

MARC details
000 -LEADER
fixed length control field 00387nam a22001697a 4500
003 - CONTROL NUMBER IDENTIFIER
control field OSt
008 - FIXED-LENGTH DATA ELEMENTS--GENERAL INFORMATION
fixed length control field 210520b ||||| |||| 00| 0 eng d
020 ## - INTERNATIONAL STANDARD BOOK NUMBER
International Standard Book Number 9780143442295
082 ## - DEWEY DECIMAL CLASSIFICATION NUMBER
Classification number 371.3943
Item number DAL
100 ## - MAIN ENTRY--PERSONAL NAME
Personal name DAS,Gaur Gopal
245 ## - TITLE STATEMENT
Title Life's Amazing Secrets
250 ## - EDITION STATEMENT
Edition statement Rep
260 ## - PUBLICATION, DISTRIBUTION, ETC. (IMPRINT)
Place of publication, distribution, etc New Delhi
Name of publisher, distributor, etc Penguin
Date of publication, distribution, etc 2018
300 ## - PHYSICAL DESCRIPTION
Extent 208
650 ## - SUBJECT ADDED ENTRY--TOPICAL TERM
Topical term or geographic name as entry element Applied Sc
942 ## - ADDED ENTRY ELEMENTS (KOHA)
Source of classification or shelving scheme Dewey Decimal Classification
Koha item type Text Books
Holdings
Withdrawn status Lost status Source of classification or shelving scheme Damaged status Not for loan Collection code Home library Current library Date acquired Source of acquisition Currency Cost, normal purchase price Bill Number Total Checkouts Full call number Acc. no. / Barcode Date last seen Date last borrowed Actual Cost, discounted price Bill Date Koha item type Public note
    Dewey Decimal Classification     GENERAL PIET C-LIBRARY PIET C-LIBRARY 15/04/2021 Kirti Praskshan IN Rupees 250.00 IN2047 6 371.3943 DAL 32862 24/07/2025 12/07/2025 172.50 15/04/2021 Text Books  
    Dewey Decimal Classification     GENERAL PIET C-LIBRARY PIET C-LIBRARY 15/04/2021 Kirti Praskshan IN Rupees 250.00 IN2047 6 371.3943 DAL 32863 19/03/2025 24/02/2025 172.50 15/04/2021 Text Books  
    Dewey Decimal Classification     GENERAL PIET C-LIBRARY PIET C-LIBRARY 15/04/2021 Kirti Praskshan IN Rupees 250.00 IN2047 11 371.3943 DAL 32864 26/05/2025 12/05/2025 172.50 15/04/2021 Text Books Language
    Dewey Decimal Classification     GENERAL PIET C-LIBRARY PIET C-LIBRARY 21/06/2021 Kirti Praskshan IN Rupees 250.00 IN2169 6 371.3943 DAL 33040 18/11/2024 05/11/2024 167.50 21/06/2021 Text Books Motivational
    Dewey Decimal Classification     GENERAL PIET C-LIBRARY PIET C-LIBRARY 21/06/2021 Kirti Praskshan IN Rupees 250.00 IN2169 7 371.3943 DAL 33041 04/04/2023 22/03/2023 167.50 21/06/2021 Text Books Motivational
    Dewey Decimal Classification     GENERAL PIET C-LIBRARY PIET C-LIBRARY 21/06/2021 Kirti Praskshan IN Rupees 250.00 IN2169 1 371.3943 DAL 33042 03/05/2023 21/04/2023 167.50 21/06/2021 Text Books  

Design & Developed by: PIET Central Library
R70 Miles Stone Pattikalyana Samalkha Panipat 132102
mail ID :- [email protected], Phone No:- 0180-2569700 Ex.216